00811nam a2200181 a 450000100100000000500170001000800410002704000250006810000400009324501330013326000620026630000210032849000350034983000420038404900090042695201770043599900170061200003581320200930074631.0111114s1956 cu 000 0 spa d aDO-SdBNPbspacBNPHU1 aRong de Leuchsenring, Emilio96176810aBolivar, el congreso interamericano de Panama, en 1826, y la independencia de Cuba y Puerto Rico /cEmilio Rong de Leuchsenring. aLa Habana :bOficina del Historiador de la Ciudad,c1956. a167 p. ;c23 cm.1 aHistórica cubana y americana 0aHistórica cubana y americana960211 aBNPD 001050718MOaGRbGRcCTd2011-11-14iLF1l0o p35813-10r2020-06-25w2020-06-25y1zPerteneció a la biblioteca personal de Juan Isidro Jimenes GrullónZNo se presta c35304d35304